| 000 | 00904nam a2200241Ia 4500 | ||
|---|---|---|---|
| 999 |
_c41344 _d41344 |
||
| 001 | 8002 | ||
| 003 | GE_BSU | ||
| 005 | 20221004101749.0 | ||
| 008 | 181216s2013fe xx |||||||||||||| ||fre|| | ||
| 020 | _a9789941434389. | ||
| 040 | _cGE_BSU | ||
| 041 | _afre | ||
| 080 | _a811.133(042.4) S-96 | ||
| 100 |
_aSurguladze, Natalia. _914994 |
||
| 245 |
_aHistoire de la langue Franaçaise:Cours=ფრანგული ენის ისტორია: / ლექციების კურსი. _cNatalia Surguladze, Red:Tsiuri Akhvlédiani, Nana Khakhoutaichvili. |
||
| 264 |
_aBatoumi : _c2013. |
||
| 300 |
_a165 p: _c22 cm. |
||
| 653 | _aHistoire de la langue Franaçaise. | ||
| 653 | _aფრანგული ენა | ||
| 700 |
_aAkhvlédiani, Tsiuri _eრედაქტორი _914995 |
||
| 700 |
_aKhakhoutaichvili. Nana _eრედაქტორი _914996 |
||
| 942 |
_cBK _2udc |
||